书目信息 |
| 题名: |
小小评剧迷
|
|
| 作者: | 秦亚国 主编 | |
| 分册: | 上册 | |
| 出版信息: | 北京 中国戏剧出版社 2020.12 |
|
| 页数: | 2册 (75, 61页) | |
| 开本: | 26cm | |
| 丛书名: | ||
| 单 册: | ||
| 中图分类: | J825.22 | |
| 科图分类: | ||
| 主题词: | 评剧--ping ju--少年读物 | |
| 电子资源: | ||
| ISBN: | 978-7-104-05009-4 | |
| 000 | 00867nam0 2200253 450 | |
| 001 | CAL 0120141439631 | |
| 005 | 20230303120842.50 | |
| 010 | @a978-7-104-05009-4@dCNY49.00 | |
| 100 | @a20210201d2020 cemy0chiy0120 ea | |
| 101 | 0 | @achi |
| 102 | @aCN@b110000 | |
| 105 | @aa z 000yy | |
| 106 | @ar | |
| 200 | 1 | @a小小评剧迷@Axiao xiao ping ju mi@h上册@f主编秦亚国 |
| 205 | @a小学版 | |
| 210 | @a北京@c中国戏剧出版社@d2020.12 | |
| 215 | @a2册 (75, 61页)@c彩图@d26cm | |
| 300 | @a戏曲校园辅导用书 | |
| 330 | @a本书分评剧之源、评剧之韵、评剧之美、评剧新声。内容包括: 成兆才童年立志 ; 盖戏园听大戏 ; 曲中识花 ; 评剧秀场 ; 经典剧场《金沙江畔》 ; 经典剧场《花为媒》 ; 初识评剧行当等。 | |
| 606 | 0 | @a评剧@Aping ju@j少年读物 |
| 690 | @aJ825.22@v5 | |
| 701 | 0 | @a秦亚国@Aqin ya guo@4主编 |
| 801 | 0 | @aCN@bBJXHZP@c20230228 |
| 905 | @b1385594-7@dJ825.22@e240:1@f4 | |
| 小小评剧迷.上册/主编秦亚国.-小学版.-北京:中国戏剧出版社,2020.12 |
| 2册 (75, 61页):彩图;26cm |
| 戏曲校园辅导用书 |
| ISBN 978-7-104-05009-4:CNY49.00 |
| 本书分评剧之源、评剧之韵、评剧之美、评剧新声。内容包括: 成兆才童年立志 ; 盖戏园听大戏 ; 曲中识花 ; 评剧秀场 ; 经典剧场《金沙江畔》 ; 经典剧场《花为媒》 ; 初识评剧行当等。 |
| ● |
| 相关链接 |
|
|
|
|
正题名:小小评剧迷
索取号:J825.22/240:1
 
预约/预借
| 序号 | 登录号 | 条形码 | 馆藏地/架位号 | 状态 | 备注 |
| 1 | 1385594 | 213855942 | 第一样本阅览室/ [索取号:J825.22/240:1] | 在馆 | |
| 2 | 1385595 | 213855951 | 第一借阅区/ [索取号:J825.22/240:1] | 在馆 | |
| 3 | 1385596 | 213855960 | 第一借阅区/ [索取号:J825.22/240:1] | 在馆 | |
| 4 | 1385597 | 213855979 | 第一借阅区/ [索取号:J825.22/240:1] | 在馆 |